书目信息 |
| 题名: |
生态学:影印版
|
|
| 作者: | 克雷布斯 著 | |
| 分册: | ||
| 出版信息: | 北京 科学出版社 2003.01 |
|
| 页数: | 695页 | |
| 开本: | 26cm | |
| 丛书名: | ||
| 单 册: | ||
| 中图分类: | Q14 | |
| 科图分类: | ||
| 主题词: | 生物学:生态学 | |
| 电子资源: | ||
| ISBN: | 7-03-010977-5 | |
| 000 | 00599nam0 2200217 450 | |
| 001 | 0360151602 | |
| 005 | 20050913165015.33 | |
| 010 | @a7-03-010977-5@dCNY 65.00 | |
| 100 | @a20030922d2003 km y0chiy0120 ea | |
| 101 | 0 | @achi |
| 102 | @aCN@b110000 | |
| 200 | 1 | @a生态学:影印版@Asheng tai xue:ying yin ban@f(美)克雷布斯著@F(mei)ke lei bu si zhu |
| 205 | @a5版 | |
| 210 | @a北京@c科学出版社@d2003.01 | |
| 215 | @a695页@d26cm | |
| 300 | @a国外生命科学优秀教材 | |
| 606 | 0 | @a生物学:生态学 |
| 690 | @aQ14@v4 | |
| 701 | 0 | @a克雷布斯@Ake lei bu si@4著 |
| 801 | 0 | @c20050913 |
| 905 | @a10447@dQ14@eK640 | |
| 生态学:影印版/(美)克雷布斯著.-5版.-北京:科学出版社,2003.01 |
| 695页;26cm |
| 国外生命科学优秀教材 |
| ISBN 7-03-010977-5:CNY 65.00 |
| ● |
| 相关链接 |
|
|
|
正题名:生态学:影印版
索取号:Q14/K640
 
预约/预借
| 序号 | 登录号 | 条形码 | 馆藏地/架位号 | 状态 | 备注 |
| 1 | 551850 | 205518509 | 自科库401/ [索取号:Q14/K640] | 在馆 | |
| 2 | 551851 | 205518518 | 自科库401/401自科库 25排3列2层/ [索取号:Q14/K640] | 在馆 |